000
00228nam a2200097Ia 4500
008
170619s9999 xx 000 0 und d
100
_a
Singh- Deepak
245
0
_a
KPH Solution bank ; Workshop
260
_b
Kanpur : KPH
260
_c
2004
546
_a
ENGLISH
999
_c
17296
_d
17296